| 000 | 01055nam a2200229Ia 4500 | ||
|---|---|---|---|
| 003 | PE SENCICO BE | ||
| 005 | 20251020182435.0 | ||
| 008 | 200515s9999 xx 000 0 und d | ||
| 040 |
_aPE SENCICO BE _cPE SENCICO BE |
||
| 041 | _aspa | ||
| 082 |
_a378.013 _bC7 |
||
| 110 | 1 |
_aCorporación de Capacitación de la Construcción _93062 |
|
| 245 | 1 | 0 |
_aCapacitación profesional : _bsector de la construcción, análisis ocupacional y programas / _cCorporación de Capacitación de la Construcción |
| 250 | _a1a ed. | ||
| 260 |
_aSantiago : _bCorporación de Capacitación de la Construcción ; _c1976 |
||
| 300 |
_a228 páginas : _btablas ; _c26 cm. |
||
| 520 | 3 | _aEnumeración completa de oficios, especialidades y técnicas ligadas a la construcción, tiene como objetivo primordial hacer el análisis ocupacional de todo el sector, tomando en consideración sus distintos niveles. | |
| 650 | 1 | 0 |
_aFormación profesional _91311 |
| 650 | 2 | 0 |
_aPlanificación curricular _93033 |
| 650 | 2 | 0 |
_aTrabajadores de la construcción _9147 |
| 942 |
_cLIB _2ddc |
||
| 999 |
_c363 _d363 |
||